Ekonomická bezpečnost jako zdroj mezinárodní spolupráce

Vymedzenie kategórie bezpečnosť. Vzťah bezpečnosti a medzinárodnej ekonomiky. Medzinárodná ekonomická kooperácia. Faktory medzinárodného zabezpečenia ekonomickej bezpečnosti. Medinárodná bezpečnostná a vojenská spolupráca. Priame a nepriame výhody pre ekonomickú bezpečnosť. Vplyv zníženia vojenských...

Full description

Saved in:
Bibliographic Details
Main Author: Krč, Miroslav
Other Authors: Al-Madhagi, Gamil
Format: Book Chapter
Language:Czech
Subjects:
Tags: Add Tag
No Tags, Be the first to tag this record!

MARC

LEADER 00000naa$a2200000$$$4500
001 0090186
005 20231102113020.8
041 0 |a cze 
044 |a SK 
245 1 0 |a Ekonomická bezpečnost jako zdroj mezinárodní spolupráce  |c Miroslav Krč, Gamil Al-Madhagi 
520 |a Vymedzenie kategórie bezpečnosť. Vzťah bezpečnosti a medzinárodnej ekonomiky. Medzinárodná ekonomická kooperácia. Faktory medzinárodného zabezpečenia ekonomickej bezpečnosti. Medinárodná bezpečnostná a vojenská spolupráca. Priame a nepriame výhody pre ekonomickú bezpečnosť. Vplyv zníženia vojenských výdavkov na hospodársky rast. Trendy a tendencie medzinárodnej spolupráce podporujúcej národnú ekonomickú bezpečnosť. 
610 2 0 |a spolupráca medzinárodná 
610 2 0 |a politika bezpečnostná 
610 2 0 |a politika medzinárodná 
610 2 0 |a bezpečnosť ekonomická 
610 2 0 |a obrana štátu 
100 1 |a Krč, Miroslav 
700 1 |a Al-Madhagi, Gamil